000 00289nam a22001097a 4500
005 20251013094147.0
008 251013b |||||||| |||| 00| 0 eng d
040 _cPK-LaNCA
082 _a720.92
_bLOU
245 _aLouis I. Kahn: beyond time and style: a life in architecture
942 _cBK
999 _c66966
_d66966